A Footballers - Statistics

General Stats
  • This quiz has been taken 14 times
  • The average score is 7 of 20
Answer Stats
Hint Answer % Correct
Argentinian forward joined Man City in 2011 Aguero
75%
Dutch born Chelsea defender loaned to Bournemouth Ake
75%
Stoke midfielder who scored from his own half Adam
67%
Captained Arsenal for 15 years Adams
67%
Ex Liverpool midfielder went onto Real Madrid Alonso
67%
Belgium Tottenham defender Alderweireld
58%
French defender played for Barcelona 2007-13 Abidal
50%
African who played for Arsenal Tottenham and Man City Adebayor
50%
Stoke player starred for Wales in euro 2016 Allen
50%
Young Player of the year in England in 2016 and 2017 Alli
42%
First black player to be capped by England Anderson
33%
Scottish forward joined Barcelona in 1984 Archibald
25%
World Cup winner signed by Tottenham in 1978 Ardiles
25%
Joint top scorer at 1962 World Cup Albert
17%
Frenchman nicknamed "Le Sulk" Anelka
17%
Played in 1950 World Cup final 1950 with Brazil Ademir
8%
Played in 1968 European Cup Final for Man Utd Aston
8%
Played for Italy and Brazil in 1960s Alfatini
0%
Scored Italys 3rd goal in 1982 World Cup final Altobelli
0%
West Ham forward scored in 2006 FA Cup final Ashton
0%
No matching quizzes found
Score Distribution
Percent of People with Each Score
Percentile by Number Answered
Your Score History
You have not taken this quiz